Riconosci la Squadra di calcio - Quiz n°168 - Statistics

Statistiche generali
  • Questo quiz è stato fatto 7 volte
  • Il punteggio medio è 6 su 9
Statistiche sulle risposte
Indizio Risposta % Corretto
Colori sociali Bianco
100%
Titoli nazionali 9 campionati jugoslavi 6 campionati croati
86%
Trofei nazionali 9 coppe di Jugoslavia 8 coppe di Croazia 5 supercoppe di Croazia
71%
Divisione nazionale 2023-2024 Prima
71%
Confederazione UEFA
71%
Trofei internazionali 0
57%
Fondazione 1911
43%
Capienza Stadio 33 967 posti
43%
Squadra Hajduk Spalato
43%
Nessun quiz corrispondente trovato
Distribuzione punteggi
Percentuale di utenti per punteggio
Percentile per numero di risposta
I tuoi punteggi nel tempo
Non hai fatto questo quiz